Property agency and management principles (Record no. 122043)

MARC details
000 -LEADER
fixed length control field 01175nam a22002297a 4500
008 - FIXED-LENGTH DATA ELEMENTS--GENERAL INFORMATION
fixed length control field 241030t2024 xxk|||||o|||| 00| 0 eng d
020 ## - INTERNATIONAL STANDARD BOOK NUMBER
ISBN 9781783215324
041 ## - LANGUAGE CODE
Language code of text/sound track or separate title eng
100 ## - MAIN ENTRY--PERSONAL NAME
Personal author Carroll, Mairéad Anne
110 ## - MAIN ENTRY--CORPORATE NAME
Corporate author Royal Institution of Chartered Surveyors
245 ## - TITLE STATEMENT
Title Property agency and management principles
Medium [Electronic resource]
260 ## - PUBLICATION INFORMATION
Place of publication London,
Publisher Royal Institution of Chartered Surveyors,
Date October 2024
300 ## - PHYSICAL DESCRIPTION
Physical description 17p.
490 ## - SERIES TITLE
Series statement RICS Professional Standard
520 ## - ABSTRACT
Abstract Supersedes Real Estate Agency and Brokerage 3rd edition 2016, from 1 January 2025
520 ## - ABSTRACT
Abstract This is a high-level global professional standard that sets out the principles for RICS members and RICS-regulated firms operating in residential, commercial and combined real estate agency and management. This covers: sales; lettings; management; auctioneering<br/>
651 ## - SUBJECT ADDED ENTRY--GEOGRAPHIC NAME
Geographic name International
690 ## - BROAD SUBJECT
Broad subject Property management
9 (RLIN) 6262
710 ## - ADDED CORPORATE NAME
Added corporate author Royal Institution of Chartered Surveyors
856 ## - ONLINE RESOURCE
Uniform Resource Identifier <a href="https://www.rics.org/content/dam/ricsglobal/documents/standards/Property-agency-and-management-principles-1st-edition.pdf">https://www.rics.org/content/dam/ricsglobal/documents/standards/Property-agency-and-management-principles-1st-edition.pdf</a>
Public note Available free on RICS.org
942 ## - ADDED ENTRY ELEMENTS (KOHA)
Suppress in OPAC Do not suppress in OPAC
Holdings
Lost status Damaged status Not for loan Current library Shelving location Date acquired Total Checkouts Full call number Date last seen Price effective from Koha item type
      Virtual Online 30/10/2024   ONLINE PUBLICATION 30/10/2024 30/10/2024 Online material